|
|
|
|
| LEADER |
02560nam a2200373 a 4500 |
| 001 |
0014115 |
| 003 |
BD-DhAAL |
| 008 |
090826s2004 xxu f 000 0 eng d |
| 020 |
|
|
|a 0194366774
|
| 020 |
|
|
|a 0194366774
|
| 020 |
|
|
|a 9780194366779
|
| 040 |
|
|
|a OLA001
|b cze
|d BD-DhAAL
|
| 082 |
0 |
0 |
|a 428.24
|2 21
|
| 100 |
1 |
|
|a Soars, Liz.
|9 40318
|
| 245 |
1 |
0 |
|a New headway :
|b english course : elementary student's book /
|c Liz and John Soars.
|
| 250 |
|
|
|a Intermediate Workbook : with key
|
| 260 |
|
|
|a Oxford :
|b Oxford University Press,
|c 2004.
|
| 300 |
|
|
|a 143 pages :
|b illustrations (colors) ;
|c 28 cm
|
| 526 |
|
|
|a EL-Pro
|x Shadia Alam
Senior Manager, Human Resources Department
|
| 541 |
1 |
|
|e 00016926
|a Friends' Book Corner
|
| 650 |
|
0 |
|a English language
|x Study and teaching
|x Foreign speakers.
|9 40319
|
| 650 |
|
0 |
|a English language
|x Spoken English
|x Study and teaching.
|9 40320
|
| 650 |
|
0 |
|a English language
|x Pronunciation
|x Study and teaching.
|9 40321
|
| 650 |
|
0 |
|a English language
|x Pronunciation by foreign speakers.
|9 40322
|
| 700 |
1 |
|
|a Soars, John.
|9 40323
|
| 852 |
4 |
|
|a Ayesha Abed Library
|c General Stacks
|
| 942 |
|
|
|2 ddc
|c BK
|
| 999 |
|
|
|c 3665
|d 3665
|
| 952 |
|
|
|0 0
|1 0
|2 ddc
|4 0
|6 428_240000000000000_SOA
|7 0
|9 3157
|a BRACUL
|b BRACUL
|c GEN
|d 2009-09-01
|g 650.00
|l 4
|m 26
|o 428.24 SOA
|p 3010014117
|r 2018-04-17
|s 2018-03-27
|t 3
|v 1300.00
|w 2009-09-01
|y BK
|x Price available in register book.
|
| 952 |
|
|
|0 0
|1 0
|2 ddc
|4 0
|6 428_240000000000000_SOA
|7 0
|9 3326
|a BRACUL
|b BRACUL
|c GEN
|d 2009-09-03
|e Friends' Book Corner
|g 760.00
|l 9
|m 21
|o 428.24 SOA
|p 3010016926
|r 2022-06-30
|s 2022-06-23
|t 4
|v 1520.00
|w 2009-09-03
|y BK
|x Requisitioned by Shadia Alam, Senior manager, HRD
|
| 952 |
|
|
|0 0
|1 0
|2 ddc
|4 0
|6 428_240000000000000_SOA
|7 0
|9 9735
|a BRACUL
|b BRACUL
|c GEN
|d 2010-05-04
|g 650.00
|l 4
|o 428.24 SOA
|p 3010014115
|r 2019-12-11
|s 2019-12-04
|t 1
|w 2010-05-04
|y BK
|x Price available in register book.
|
| 952 |
|
|
|0 0
|1 0
|2 ddc
|4 0
|6 428_240000000000000_SOA
|7 0
|9 9760
|a BRACUL
|b BRACUL
|c GEN
|d 2010-05-04
|e Friends' Book Corner
|g 760.00
|l 11
|m 54
|o 428.24 SOA
|p 3010016928
|r 2024-12-21
|s 2024-10-26
|t 6
|w 2010-05-04
|y BK
|x Requisitioned by Shadia Alam, Senior manager, HRD
|
| 952 |
|
|
|0 0
|1 0
|2 ddc
|4 0
|6 428_240000000000000_SOA
|7 0
|9 9775
|a BRACUL
|b BRACUL
|c GEN
|d 2010-05-05
|e Friends' Book Corner
|g 760.00
|l 6
|m 28
|o 428.24 SOA
|p 3010016927
|r 2025-10-31
|s 2025-10-10
|t 5
|w 2010-05-05
|y BK
|x Requisitioned by Shadia Alam, Senior manager, HRD
|
| 952 |
|
|
|0 0
|1 0
|2 ddc
|4 0
|6 428_240000000000000_SOA
|7 0
|9 10137
|a BRACUL
|b BRACUL
|c GEN
|d 2010-05-13
|g 650.00
|l 2
|m 15
|o 428.24 SOA
|p 3010014116
|r 2016-04-12
|s 2016-03-30
|t 2
|w 2010-05-13
|y BK
|x Price available in register book.
|